Los laureles de Oaxaca (Record no. 178796)
[ view plain ]
| 000 -LEADER | |
|---|---|
| campo de control de longitud fija | 01264nam a2200313 4500 |
| 001 - NÚMERO DE CONTROL | |
| campo de control | 178796 |
| 003 - IDENTIFICADOR DE NÚMERO DE CONTROL | |
| campo de control | ES-MaACL |
| 005 - FECHA Y HORA DE LA ÚLTIMA TRANSACCIÓN | |
| campo de control | 20250831021644.0 |
| 008 - DATOS DE LONGITUD FIJA--INFORMACIÓN GENERAL | |
| campo de control de longitud fija | 110630r20111948sp ahp |||| |dspa d |
| 020 ## - NÚMERO INTERNACIONAL ESTÁNDAR DEL LIBRO | |
| Número Internacional Estándar del Libro | 978-84-8472-615-9 |
| 080 ## - NÚMERO DE LA CLASIFICACIÓN DECIMAL UNIVERSAL | |
| Número de la Clasificación Decimal Universal | 821.134.2-992"19" |
| 080 ## - NÚMERO DE LA CLASIFICACIÓN DECIMAL UNIVERSAL | |
| Número de la Clasificación Decimal Universal | 913(727.2 O.) |
| 100 1# - ENTRADA PRINCIPAL--NOMBRE DE PERSONA | |
| Nombre de persona | Giner de los Ríos, Francisco, |
| Fechas asociadas al nombre | 1917-1995 |
| 9 (RLIN) | 57123 |
| 245 14 - MENCIÓN DEL TÍTULO | |
| Título | Los laureles de Oaxaca |
| Resto del título | : notas y poemas de un viaje / |
| Mención de responsabilidad, etc. | Francisco Giner de los Ríos ; introducción de José Ramón López García. |
| 250 ## - MENCION DE EDICION | |
| Mención de edición | Ed. facs. |
| 260 ## - PUBLICACIÓN, DISTRIBUCIÓN, ETC. | |
| Lugar de publicación, distribución, etc. | [Sevilla] : |
| Nombre del editor, distribuidor, etc. | Renacimiento, |
| Fecha de publicación, distribución, etc. | [2011] |
| 300 ## - DESCRIPCIÓN FÍSICA | |
| Extensión | XXXIV, 154 p. : |
| Otras características físicas | 1 retr., il. ; |
| Dimensiones | 17 cm. |
| 490 1# - MENCIÓN DE SERIE | |
| Mención de serie | Biblioteca del exilio. Serie menor ; |
| Designación de volumen o secuencia | 3 |
| 534 ## - NOTA SOBRE LA VERSIÓN ORIGINAL | |
| Frase introductoria | Reprod. de la ed. de: |
| Publicación, distribución, etc. del original | México : Tierra Nueva, 1948. |
| 651 #7 - PUNTO DE ACCESO ADICIONAL DE MATERIA--NOMBRE GEOGRÁFICO | |
| Nombre geográfico | Oaxaca- |
| Subdivisión general | Descripción. |
| 9 (RLIN) | 147285 |
| 651 #7 - PUNTO DE ACCESO ADICIONAL DE MATERIA--NOMBRE GEOGRÁFICO | |
| Nombre geográfico | Oaxaca (México, Estado) |
| Fuente del encabezamiento o término | |
| 9 (RLIN) | 142039 |
| 655 #7 - TERMINO DE INDIZACIÓN--GENERO/FORMA | |
| Fuente del término | tgfbne |
| 9 (RLIN) | 226495 |
| Datos o término principal de género/forma | Facsímiles |
| 700 1# - ENTRADA AGREGADA--NOMBRE PERSONAL | |
| Nombre de persona | López García, José Ramón. |
| 9 (RLIN) | 141377 |
| 700 1# - ENTRADA AGREGADA--NOMBRE PERSONAL | |
| Nombre de persona | Moreno Villa, José, |
| Fechas asociadas al nombre | 1887-1955 |
| 9 (RLIN) | 83443 |
| 830 0# - PUNTO DE ACCESO ADICIONAL DE SERIE-TÍTULO UNIFORME | |
| Título uniforme | Biblioteca del exilio. Serie menor ; |
| Designación de volumen o secuencia | 3 |
| 9 (RLIN) | 224334 |
| 852 ## - LOCALIZACIÓN | |
| Ubicación | ES-MaACL |
| Número de control de estantería | A-11312 |
| itemnumber | 185657 |
| Sublocalización o colección | R.146764 |
| Ubicación en estantería | Depósito 1 |
| Signatura antigua | Olim: N-4316 |
| Encuadernación | Donación: José Esteban |
| 942 ## - ELEMENTOS DE ENTRADA SECUNDARIOS (KOHA) | |
| Fuente del sistema de clasificación o colocación | Clasificación decimal universal |
| Tipo de ítem Koha | Libro impreso |
| Estatus retirado | Estado de pérdida | Fuente del sistema de clasificación o colocación | Estado de daño | No para préstamo | Biblioteca de origen | Biblioteca actual | Ubicación en estantería | Fecha de adquisición | Fuente de adquisición | Total de préstamos | Signatura topográfica completa | Código de barras | Visto por última vez | Precio de reemplazo | Tipo de ítem Koha |
|---|---|---|---|---|---|---|---|---|---|---|---|---|---|---|---|
| Clasificación decimal universal | Biblioteca del Ateneo de Madrid | Biblioteca del Ateneo de Madrid | Depósito 1 | 30/06/2011 | Donación | A-11312 | 1187812 | 23/02/2023 | 23/02/2023 | Libro impreso |
